Statystyki dla Rodzaje zegarów?

Kliknij tutaj aby rozwiązać quiz!

Ogólne statystyki

  • Ten quiz został rozwiązany 40 razy
  • Średni wynik to 6 z 11

Statystyki odpowiedzi

HintOdpowiedź% Poprawnych
Odmierza czas na podstawie zmiany pozycji SłońcaSłoneczny
97%
Zegar (Zegarek) prezemtujący czas w sposób cyfrowyCyfrowy
77%
Pomiar czasu uzyskiwany jest poprzez regularny przepływ wodyWodny
77%
Do odmierzania czasu wykorzystuje się drgający kryształ kwarcuKwarcowy
63%
Światło słoneczne zastąpione jest światłem KsiężycaKsiężycowy
60%
Czas jest odmierzany np. w klepsydrzePiaskowy
60%
Jego działanie opiera się na zliczaniu okresów atomowego wzorca częstotliwościAtomowy
57%
Naręczny zegar wyposażony w wyświetlacz LEDElektroniczny
50%
W lampie oliwnejOliwny
50%
Czas jest odmierzany np. za pomocą świecOgniowy
27%
Wykorzystujący jako regulator chodu wahadło lub balansMechaniczny
20%

Rozkład punktacji

Percentyl według liczby udzielonych odpowiedzi

Procent ludzi z każdym wynikiem

Twoja historia wyników

Nie rozwiązałeś tego quizu